[Event "FRA T I 120102011"]
[Site "FRA"]
[Date "2010.10.17"]
[Round "1.3"]
[White "Armas, Lara Maria"]
[Black "Lecoq, Julien"]
[Result "1/2-1/2"]
[WhiteElo "1997"]
[BlackElo "2074"]
[PlyCount "37"]
[EventDate "2010.10.17"]
[EventType "team-match"]
[EventRounds "9"]
[EventCountry "FRA"]
[Source "FFE"]
[SourceDate "2010.10.29"]
[WhiteTeamCountry "FRA"]
[BlackTeamCountry "FRA"]

1. d4 Nf6 2. c4 c5 3. dxc5 e6 4. Nc3 Bxc5 5. e3 O-O 6. Nf3 Nc6 7. Bd3 d5 8. O-O
dxc4 9. Bxc4 a6 10. a3 b5 11. Ba2 Bb7 12. b4 Bb6 13. Bb2 Qe7 14. Qe2 Rfd8 15.
Rfd1 Rac8 16. Rxd8+ Rxd8 17. Rd1 Rd7 18. Bb1 Rxd1+ 19. Qxd1 1/2-1/2

[Event "FRA T I 120102011"]
[Site "FRA"]
[Date "2010.10.17"]
[Round "1.1"]
[White "Van Elst, Andreas"]
[Black "Laclau, Daniel"]
[Result "1/2-1/2"]
[WhiteElo "2276"]
[BlackElo "2277"]
[PlyCount "37"]
[EventDate "2010.10.17"]
[EventType "team-match"]
[EventRounds "9"]
[EventCountry "FRA"]
[Source "FFE"]
[SourceDate "2010.10.29"]
[WhiteTeamCountry "FRA"]
[BlackTeamCountry "FRA"]

1. e4 c5 2. Nf3 e6 3. d4 cxd4 4. Nxd4 Nf6 5. Nc3 d6 6. Be2 Nc6 7. Be3 Be7 8.
O-O O-O 9. Kh1 a6 10. f4 e5 11. Nxc6 bxc6 12. fxe5 dxe5 13. Qxd8 Rxd8 14. Bb6
Re8 15. Bd3 Be6 16. Na4 Nd7 17. Be3 h6 18. b3 a5 19. Rad1 1/2-1/2

[Event "FRA T I 120102011"]
[Site "FRA"]
[Date "2010.11.13"]
[Round "2.3"]
[White "Wohl, Aleksandar H"]
[Black "Mora, Pascal"]
[Result "1-0"]
[WhiteElo "2424"]
[BlackElo "2119"]
[PlyCount "37"]
[EventDate "2010.10.17"]
[EventType "team-match"]
[EventRounds "9"]
[EventCountry "FRA"]
[Source "FFE"]
[SourceDate "2010.10.29"]
[WhiteTeamCountry "FRA"]
[BlackTeamCountry "FRA"]

1. e4 c5 2. Nf3 e6 3. b3 Nc6 4. Bb5 Qb6 5. Na3 d6 6. O-O Bd7 7. Bb2 O-O-O 8. d4
e5 9. d5 Nce7 10. Nc4 Qc7 11. Bxd7+ Qxd7 12. b4 cxb4 13. a3 b3 14. cxb3 Ng6 15.
Bc1 Kb8 16. Be3 Qg4 17. Qd2 Nf4 18. Bxa7+ Ka8 19. Ne3 1-0

[Event "FRA T I 120102011"]
[Site "FRA"]
[Date "2010.10.17"]
[Round "1.2"]
[White "Camacho, Juan Carlos"]
[Black "San Marco, Bruno"]
[Result "1/2-1/2"]
[WhiteElo "2169"]
[BlackElo "2218"]
[PlyCount "36"]
[EventDate "2010.10.17"]
[EventType "team-match"]
[EventRounds "9"]
[EventCountry "FRA"]
[Source "FFE"]
[SourceDate "2010.10.29"]
[WhiteTeamCountry "FRA"]
[BlackTeamCountry "FRA"]

1. e4 d5 2. Nc3 dxe4 3. Nxe4 Qd5 4. Nc3 Qa5 5. Bc4 Nf6 6. d3 c6 7. Bd2 Qc7 8.
Qe2 Bg4 9. Nf3 Nbd7 10. O-O-O e6 11. d4 Nb6 12. Bb3 O-O-O 13. Bg5 h6 14. Be3
Bb4 15. h3 Bxf3 16. Qxf3 Nbd5 17. Nxd5 Nxd5 18. c3 Bd6 1/2-1/2

[Event "FRA T I 120102011"]
[Site "FRA"]
[Date "2010.11.13"]
[Round "2.1"]
[White "Gachon, Lionel"]
[Black "Bertrand, Frederic"]
[Result "1/2-1/2"]
[WhiteElo "2293"]
[BlackElo "2296"]
[PlyCount "32"]
[EventDate "2010.10.17"]
[EventType "team-match"]
[EventRounds "9"]
[EventCountry "FRA"]
[Source "FFE"]
[SourceDate "2010.10.29"]
[WhiteTeamCountry "FRA"]
[BlackTeamCountry "FRA"]

1. Nf3 d5 2. g3 Nf6 3. Bg2 e6 4. O-O c5 5. d3 Bd6 6. Nbd2 O-O 7. e4 Nc6 8. Re1
dxe4 9. dxe4 e5 10. c3 Be6 11. Qe2 Qd7 12. Nc4 Bc7 13. Bg5 b5 14. Na3 a6 15.
Bxf6 gxf6 16. Qe3 Kg7 1/2-1/2

[Event "FRA T I 120102011"]
[Site "FRA"]
[Date "2010.10.17"]
[Round "1.2"]
[White "Pascal Mousselard, Philippe"]
[Black "Planell, Eric"]
[Result "0-1"]
[WhiteElo "1922"]
[BlackElo "2204"]
[PlyCount "31"]
[EventDate "2010.10.17"]
[EventType "team-match"]
[EventRounds "9"]
[EventCountry "FRA"]
[Source "FFE"]
[SourceDate "2010.10.29"]
[WhiteTeamCountry "FRA"]
[BlackTeamCountry "FRA"]

1. b3 e5 2. Bb2 Nc6 3. e3 d5 4. Bb5 Bd6 5. f4 Qe7 6. Nf3 f6 7. Bxc6+ bxc6 8.
fxe5 fxe5 9. Nxe5 Qh4+ 10. g3 Qh3 11. Qf3 Nf6 12. Na3 O-O 13. Qf1 Qh6 14. Qe2
Ng4 15. Nd3 Bxg3+ 16. Kd1 0-1

[Event "FRA T I 120102011"]
[Site "FRA"]
[Date "2010.11.13"]
[Round "2.3"]
[White "Tisseyre, Yannick"]
[Black "Palleja, Xavier"]
[Result "1/2-1/2"]
[WhiteElo "2096"]
[BlackElo "2226"]
[PlyCount "28"]
[EventDate "2010.10.17"]
[EventType "team-match"]
[EventRounds "9"]
[EventCountry "FRA"]
[Source "FFE"]
[SourceDate "2010.10.29"]
[WhiteTeamCountry "FRA"]
[BlackTeamCountry "FRA"]

1. e4 e6 2. d4 c5 3. d5 exd5 4. exd5 d6 5. Nf3 Nf6 6. Bd3 Be7 7. O-O O-O 8. c4
Na6 9. Nc3 Nc7 10. a4 Na6 11. Re1 Nb4 12. Bb1 Bg4 13. h3 Bh5 14. Ra3 Re8
1/2-1/2

[Event "FRA T I 120102011"]
[Site "FRA"]
[Date "2010.10.17"]
[Round "1.8"]
[White "Fornell, Marie Therese"]
[Black "Ratsiambahotra, Felanirina Elisoa"]
[Result "1-0"]
[WhiteElo "1560"]
[BlackElo "1009"]
[PlyCount "25"]
[EventDate "2010.10.17"]
[EventType "team-match"]
[EventRounds "9"]
[EventCountry "FRA"]
[Source "FFE"]
[SourceDate "2010.10.29"]
[WhiteTeamCountry "FRA"]
[BlackTeamCountry "FRA"]

1. e4 e6 2. d3 Nc6 3. Nf3 Bc5 4. Be2 Bb4+ 5. c3 Nf6 6. cxb4 Nxb4 7. O-O O-O 8.
a3 Nc6 9. Bg5 Qe8 10. Bxf6 g6 11. Qd2 d6 12. Qh6 Ne5 13. Qg7# 1-0

[Event "FRA T I 120102011"]
[Site "FRA"]
[Date "2010.11.13"]
[Round "2.1"]
[White "Aranovitch, Emiliano"]
[Black "Snuverink, Jochem"]
[Result "1-0"]
[WhiteElo "2335"]
[BlackElo "2279"]
[PlyCount "231"]
[EventDate "2010.10.17"]
[EventType "team-match"]
[EventRounds "9"]
[EventCountry "FRA"]
[Source "FFE"]
[SourceDate "2010.10.29"]
[WhiteTeamCountry "FRA"]
[BlackTeamCountry "FRA"]

1. e4 e5 2. Nf3 Nc6 3. Bb5 f5 4. Nc3 fxe4 5. Nxe4 Nf6 6. Nxf6+ Qxf6 7. Qe2 Be7
8. Bxc6 dxc6 9. d4 exd4 10. Bg5 Qe6 11. Qxe6 Bxe6 12. Nxd4 Bd5 13. Bxe7 Kxe7
14. O-O-O Rad8 15. Nf5+ Kf6 16. Ne3 Be6 17. Rxd8 Rxd8 18. Rd1 Rd6 19. f4 g5 20.
Rf1 gxf4 21. Rxf4+ Kg5 22. Rf8 a5 23. a3 c5 24. g3 Kg6 25. Rf2 b6 26. Ng2 Bc4
27. Nh4+ Kh5 28. Rf5+ Kh6 29. Re5 Re6 30. Nf5+ Kg5 31. Rxe6 Bxe6 32. Ne3 Kf6
33. Nd1 Ke5 34. Nf2 Kd4 35. Kd2 b5 36. g4 b4 37. h4 Bg8 38. g5 Be6 39. c3+ Kc4
40. Ne4 bxa3 41. bxa3 Bf5 42. Ng3 Bb1 43. h5 Kd5 44. Ke3 Ke5 45. Nf1 Kf5 46.
Nd2 Bc2 47. Nf3 Kg4 48. g6 Kxh5 49. gxh7 Bxh7 50. Kf4 Bc2 51. Ne5 a4 52. Nd7
Kg6 53. Ke5 Kf7 54. Nxc5 Bb3 55. Na6 Ke7 56. Nxc7 Kd7 57. Na6 Kc6 58. Kd4 Kb6
59. Nb4 Kb5 60. Nd3 Bc4 61. Nb2 Bf1 62. c4+ Ka5 63. Nd1 Bh3 64. Kc5 Bg4 65. Ne3
Be2 66. Nf5 Bf3 67. Nd4 Bd1 68. Nc6+ Ka6 69. Kb4 Kb6 70. Nd4 Bg4 71. Nb5 Bd7
72. Nc3 Bg4 73. Nxa4+ Kc6 74. Nc3 Bf3 75. Nb5 Bg2 76. a4 Bh1 77. Nd4+ Kb7 78.
Kc5 Be4 79. Kb5 Bd3 80. a5 Bf1 81. Kb4 Ka6 82. Nb3 Be2 83. Nc5+ Ka7 84. Kb5 Bf1
85. Ne6 Bd3 86. Nd4 Bf1 87. Nc6+ Kb7 88. Nb4 Be2 89. a6+ Ka7 90. Kc5 Kb8 91.
Kd4 Kc7 92. Kc5 Kb8 93. Nc6+ Ka8 94. Ne5 Ka7 95. Kb5 Bf1 96. Nc6+ Ka8 97. Ne7
Ka7 98. Nc8+ Kb8 99. Ne7 Ka7 100. Nc6+ Ka8 101. Nb4 Ka7 102. Kc5 Kb8 103. Kd5
Kc7 104. c5 Bg2+ 105. Kc4 Bf1+ 106. Kd4 Be2 107. Ke5 Bf1 108. Kd4 Be2 109. Kc3
Kb8 110. c6 Bf3 111. Kd4 Bg2 112. Kc5 Bf3 113. Kb6 Bg2 114. a7+ Ka8 115. Na6
Bxc6 116. Nc7# 1-0

[Event "FRA T I 120102011"]
[Site "FRA"]
[Date "2010.11.14"]
[Round "3.6"]
[White "Meley, Hector"]
[Black "Nord, Antoine"]
[Result "1-0"]
[WhiteElo "1965"]
[BlackElo "1972"]
[PlyCount "131"]
[EventDate "2010.10.17"]
[EventType "team-match"]
[EventRounds "9"]
[EventCountry "FRA"]
[Source "FFE"]
[SourceDate "2010.10.29"]
[WhiteTeamCountry "FRA"]
[BlackTeamCountry "FRA"]

1. d4 d5 2. c4 c6 3. Nc3 Nf6 4. cxd5 cxd5 5. Bf4 a6 6. e3 Nc6 7. Bd3 Bg4 8.
Nge2 e6 9. O-O Bh5 10. Rc1 Bg6 11. Na4 Bd6 12. Nc5 Bxc5 13. Rxc5 Nh5 14. Qb3
Bxd3 15. Qxd3 Nxf4 16. Nxf4 O-O 17. Rfc1 Qd7 18. Qb3 Rfc8 19. Nd3 Rab8 20. g3
b6 21. R5c3 Qb7 22. Qc2 Ne7 23. Rc7 Qa8 24. Qa4 Re8 25. Ne5 Rbc8 26. Qb4 b5 27.
R1c3 Rxc7 28. Rxc7 Ng6 29. Nxf7 Rf8 30. Ne5 Nxe5 31. dxe5 Qd8 32. Qe7 Qxe7 33.
Rxe7 Rc8 34. Rxe6 Rc2 35. Rxa6 Rxb2 36. Ra7 Kf8 37. Kg2 h5 38. h3 Rd2 39. Kf3
Rb2 40. g4 h4 41. a3 Ra2 42. Rb7 Rxa3 43. Rxb5 d4 44. Ke4 dxe3 45. fxe3 Ra7 46.
Kf5 Kf7 47. e6+ Ke7 48. Rd5 Ra3 49. Rd7+ Ke8 50. Kf4 Ra4+ 51. Kg5 Re4 52. Rxg7
Rxe3 53. Kxh4 Rxe6 54. g5 Kf8 55. Ra7 Kg8 56. Kh5 Rb6 57. h4 Rc6 58. g6 Rb6 59.
Kh6 Rb8 60. h5 Rc8 61. Ra5 Rb8 62. Kg5 Rc8 63. h6 Rb8 64. h7+ Kg7 65. Ra7+ Kh8
66. Kh6 1-0

[Event "FRA T I 120102011"]
[Site "FRA"]
[Date "2010.10.17"]
[Round "1.1"]
[White "Olivier, Jean Christophe"]
[Black "Stoppa, Omar"]
[Result "1-0"]
[WhiteElo "2393"]
[BlackElo "2263"]
[PlyCount "129"]
[EventDate "2010.10.17"]
[EventType "team-match"]
[EventRounds "9"]
[EventCountry "FRA"]
[Source "FFE"]
[SourceDate "2010.10.29"]
[WhiteTeamCountry "FRA"]
[BlackTeamCountry "FRA"]

1. e4 e6 2. d4 d5 3. Nc3 Bb4 4. e5 c5 5. a3 Bxc3+ 6. bxc3 Ne7 7. a4 Qa5 8. Bd2
Nbc6 9. Nf3 Bd7 10. Bb5 Qc7 11. O-O O-O 12. Re1 cxd4 13. cxd4 Nf5 14. c3 Na5
15. Bd3 Nc4 16. Bc1 Rac8 17. g4 Nh6 18. Bxh6 gxh6 19. Qc1 Kg7 20. g5 h5 21. Qf4
Qd8 22. Qf6+ Qxf6 23. exf6+ Kg8 24. Bxc4 Rxc4 25. Ne5 Rc7 26. a5 Bb5 27. Re3
Rfc8 28. Ra3 Be8 29. Rb3 Ba4 30. Rb2 Rb8 31. Kg2 b5 32. axb6 axb6 33. Kf1 Bd1
34. f3 Kf8 35. Ke1 Ba4 36. Kd2 Be8 37. f4 Ra7 38. Re1 Ra3 39. Reb1 Rc8 40. Rb3
Ra2+ 41. R1b2 Ra1 42. Rxb6 Rh1 43. Rb8 Rxh2+ 44. Ke1 Rxb2 45. Rxc8 Rb7 46. Kf2
Ra7 47. Kg3 Rb7 48. Kh4 Ra7 49. Kxh5 Rb7 50. Kh6 Ra7 51. Kxh7 Rb7 52. Kh6 Ra7
53. g6 fxg6 54. Kg5 Rh7 55. Nxg6+ Kf7 56. Ne5+ Kf8 57. f7 Rxf7 58. Nxf7 Kxf7
59. Rc7+ Kf8 60. Kf6 Bh5 61. Rc8+ Be8 62. Rd8 Kg8 63. Rxe8+ Kh7 64. Rd8 e5 65.
fxe5 1-0

[Event "FRA T I 120102011"]
[Site "FRA"]
[Date "2010.11.14"]
[Round "3.2"]
[White "Calin, Miguel"]
[Black "Fantin, Ludwig"]
[Result "0-1"]
[WhiteElo "2026"]
[BlackElo "2266"]
[PlyCount "128"]
[EventDate "2010.10.17"]
[EventType "team-match"]
[EventRounds "9"]
[EventCountry "FRA"]
[Source "FFE"]
[SourceDate "2010.10.29"]
[WhiteTeamCountry "FRA"]
[BlackTeamCountry "FRA"]

1. d4 Nf6 2. Nf3 e6 3. e3 b6 4. Bd3 Bb7 5. O-O Be7 6. Nbd2 d5 7. Ne5 O-O 8. c3
Nfd7 9. Nxd7 Nxd7 10. e4 e5 11. exd5 exd4 12. cxd4 Nf6 13. Nf3 Qxd5 14. Be3 Bd6
15. h3 Rfe8 16. Re1 Bb4 17. Bd2 Rxe1+ 18. Qxe1 Re8 19. Qd1 Bd6 20. Be3 h6 21.
a3 Qh5 22. Ne1 Qxd1 23. Rxd1 Nd5 24. Nc2 Nf4 25. Bxf4 Bxf4 26. Nb4 c6 27. Kf1
a5 28. Nc2 Kf8 29. b3 Bg5 30. Re1 Rd8 31. Rd1 Bf6 32. Bc4 c5 33. f3 cxd4 34.
Ke2 Bc6 35. a4 Ke7 36. Ne1 Rc8 37. Nd3 Bxa4 38. Bxf7 Rc2+ 39. Rd2 Rxd2+ 40.
Kxd2 Bc6 41. Bg8 Kd6 42. Kc2 h5 43. Nb2 Ke5 44. Bf7 h4 45. Nd3+ Kf5 46. Bc4 Be7
47. Kd2 Bd6 48. Ke2 b5 49. Bg8 b4 50. Bc4 a4 51. bxa4 Bxa4 52. Nb2 Bc2 53. Bd3+
Bxd3+ 54. Kxd3 Kf4 55. Nc4 Be5 56. Ke2 b3 57. Kd3 Bf6 58. Ke2 Kg3 59. Kf1 d3
60. Nd2 b2 61. Ne4+ Kf4 62. Nd2 Bc3 63. Nb1 Bb4 64. Kf2 g6 0-1

[Event "FRA T I 120102011"]
[Site "FRA"]
[Date "2010.11.14"]
[Round "3.3"]
[White "Ollier, Pablo"]
[Black "Wegner, Eric"]
[Result "1/2-1/2"]
[WhiteElo "2291"]
[BlackElo "2098"]
[PlyCount "120"]
[EventDate "2010.10.17"]
[EventType "team-match"]
[EventRounds "9"]
[EventCountry "FRA"]
[Source "FFE"]
[SourceDate "2010.10.29"]
[WhiteTeamCountry "FRA"]
[BlackTeamCountry "FRA"]

1. d4 Nf6 2. c4 e6 3. Nc3 Bb4 4. e3 O-O 5. Bd3 d5 6. a3 Bxc3+ 7. bxc3 c5 8.
cxd5 exd5 9. Ne2 Nc6 10. O-O Re8 11. f3 Qa5 12. Ra2 Be6 13. Rd2 Rac8 14. Re1
Nd7 15. Bb2 Nb6 16. Ng3 Na4 17. Ne2 Nxb2 18. Rxb2 Qxa3 19. Rxb7 cxd4 20. Rb3
Qd6 21. cxd4 Rb8 22. Rc3 g6 23. Qa1 Rb6 24. Rc5 Reb8 25. Rec1 Nb4 26. Qa3 Nxd3
27. Qxd3 Rb3 28. Nc3 Kg7 29. Qf1 Qb6 30. Qe1 Qd8 31. Qg3 R8b7 32. h3 f6 33. Ra1
Bf7 34. Ra6 R3b6 35. Rxb6 axb6 36. Rb5 Rc7 37. Rb3 Qe7 38. Qe1 Qe6 39. Qd2 Re7
40. Na4 Ra7 41. Rxb6 Qc8 42. Nc5 Ra1+ 43. Kf2 Qc7 44. Ra6 Rb1 45. f4 Qb8 46.
Ra2 Rh1 47. Qb2 Qe8 48. Ra1 Rxa1 49. Qxa1 Qb8 50. Qa3 h5 51. Nd7 Qe8 52. Nc5
Qb8 53. h4 g5 54. hxg5 fxg5 55. fxg5 h4 56. Ne6+ Bxe6 57. Qe7+ Bf7 58. Qf6+ Kf8
59. Kg1 Qg3 60. Qd8+ Kg7 1/2-1/2

[Event "FRA T I 120102011"]
[Site "FRA"]
[Date "2010.10.17"]
[Round "1.3"]
[White "Guerin, Michel"]
[Black "Dijon, Frederic"]
[Result "0-1"]
[WhiteElo "2123"]
[BlackElo "2072"]
[PlyCount "116"]
[EventDate "2010.10.17"]
[EventType "team-match"]
[EventRounds "9"]
[EventCountry "FRA"]
[Source "FFE"]
[SourceDate "2010.10.29"]
[WhiteTeamCountry "FRA"]
[BlackTeamCountry "FRA"]

1. e4 Nc6 2. Nc3 Nf6 3. Nf3 d5 4. e5 d4 5. exf6 dxc3 6. fxg7 cxd2+ 7. Bxd2 Bxg7
8. c3 Bg4 9. Bb5 Qd5 10. Qa4 Bxf3 11. gxf3 Qxf3 12. Rg1 Be5 13. Be3 a6 14. Rd1
Rd8 15. Rxd8+ Kxd8 16. Bd3 Qd5 17. Bc4 Qf3 18. Bd3 Qd5 19. Ke2 Qd7 20. Bc2 Bxh2
21. Rd1 Bd6 22. Qh4 Kc8 23. Qh5 Ne5 24. Bd4 f6 25. Bxe5 Qb5+ 26. Bd3 Qxe5+ 27.
Qxe5 Bxe5 28. Bf5+ Kb8 29. Rh1 h6 30. Kf3 a5 31. Ke4 a4 32. f4 Bd6 33. b3 axb3
34. axb3 e5 35. fxe5 Bxe5 36. Rh3 h5 37. Bg6 h4 38. Kf5 Rh6 39. b4 Kc8 40. c4
Kd7 41. Bf7 Bg3 42. Bd5 c6 43. Bf3 b6 44. b5 cxb5 45. cxb5 Kd6 46. Bc6 Ke7 47.
Rh1 Rh5+ 48. Kg4 Rg5+ 49. Kh3 Rc5 50. Rd1 Rc2 51. Rd7+ Ke6 52. Rb7 f5 53. Bg2
Bf2 54. Rh7 Rb2 55. Rh6+ Ke5 56. Bc6 Bg3 57. Bg2 Rxb5 58. Rh5 Rb2 0-1

[Event "FRA T I 120102011"]
[Site "FRA"]
[Date "2010.11.13"]
[Round "2.4"]
[White "Bonnamour, Matthieu"]
[Black "Prost, Frederic"]
[Result "0-1"]
[WhiteElo "2119"]
[BlackElo "2074"]
[PlyCount "114"]
[EventDate "2010.10.17"]
[EventType "team-match"]
[EventRounds "9"]
[EventCountry "FRA"]
[Source "FFE"]
[SourceDate "2010.10.29"]
[WhiteTeamCountry "FRA"]
[BlackTeamCountry "FRA"]

1. e4 c5 2. Nc3 Nc6 3. g3 g6 4. Bg2 Bg7 5. d3 d6 6. Be3 e6 7. Qd2 Rb8 8. Nge2
b5 9. O-O Nge7 10. f4 Nd4 11. Nd1 O-O 12. c3 Nxe2+ 13. Qxe2 Qc7 14. d4 Bd7 15.
Qf2 cxd4 16. Bxd4 Bxd4 17. cxd4 b4 18. Ne3 a5 19. Rac1 Qa7 20. Ng4 f5 21. d5
Qxf2+ 22. Nxf2 exd5 23. exd5 Rbc8 24. Nd3 Kf7 25. b3 Bb5 26. Rcd1 Rc3 27. Nb2
Bxf1 28. Kxf1 Rfc8 29. Nc4 R3xc4 30. bxc4 Rxc4 31. Ke2 Ke8 32. Kd3 Rc5 33. Ke3
Kd7 34. Rd2 Ng8 35. Kd4 Nf6 36. Bf3 Rc3 37. Bd1 Ne4 38. Ba4+ Kd8 39. Rc2 Rxc2
40. Bxc2 Nf6 41. Kc4 Kc7 42. Kb5 Nxd5 43. Bb3 Ne3 44. Kxa5 h6 45. h3 g5 46. Be6
gxf4 47. gxf4 d5 48. Kxb4 Kd6 49. Bc8 d4 50. Bb7 Nd5+ 51. Bxd5 Kxd5 52. Kb3 Ke4
53. Kc2 Ke3 54. Kd1 Kxf4 55. a4 Ke5 56. a5 Kd6 57. Ke2 f4 0-1

[Event "FRA T I 120102011"]
[Site "FRA"]
[Date "2010.11.14"]
[Round "3.4"]
[White "Dubois, Martine"]
[Black "Fabre, Mathias"]
[Result "0-1"]
[WhiteElo "2004"]
[BlackElo "2093"]
[PlyCount "114"]
[EventDate "2010.10.17"]
[EventType "team-match"]
[EventRounds "9"]
[EventCountry "FRA"]
[Source "FFE"]
[SourceDate "2010.10.29"]
[WhiteTeamCountry "FRA"]
[BlackTeamCountry "FRA"]

1. e4 c5 2. c3 d5 3. exd5 Qxd5 4. d4 Nf6 5. Nf3 Bg4 6. Qa4+ Nc6 7. Bc4 Qe4+ 8.
Be3 Bxf3 9. Nd2 Qf5 10. Nxf3 Nd7 11. dxc5 e6 12. b4 Nde5 13. Nxe5 Qxe5 14. Qb3
Be7 15. O-O O-O 16. Rfe1 Rfd8 17. f4 Qf5 18. Rad1 Bf6 19. Rd6 Rxd6 20. cxd6 Rd8
21. Rd1 Qh5 22. Rd2 e5 23. Be2 Qf5 24. Bd3 Qh5 25. Qc2 exf4 26. Bxf4 Be5 27.
Be2 Qh4 28. g3 Qf6 29. Bxe5 Nxe5 30. Qd1 Qh6 31. c4 Qe3+ 32. Kf1 Qe4 33. Kg1
Qe3+ 34. Kf1 Qe4 35. Kf2 Nxc4 36. Bxc4 Qxc4 37. a3 h6 38. d7 Qe6 39. Rd6 Qf5+
40. Kg1 Kf8 41. Rd5 Qe6 42. Qd4 Qe1+ 43. Kg2 Qe2+ 44. Kh3 Qe6+ 45. g4 b6 46. b5
Qe2 47. Re5 Qf3+ 48. Kh4 g5+ 49. Rxg5 hxg5+ 50. Kxg5 Ke7 51. h4 Rg8+ 52. Kh5
Qf6 53. Qe4+ Qe6 54. Qxe6+ Kxe6 55. Kh6 Kxd7 56. g5 Ke6 57. Kh7 Rg6 0-1

[Event "FRA T I 120102011"]
[Site "FRA"]
[Date "2010.11.14"]
[Round "3.5"]
[White "Le Quinio, Alexis"]
[Black "Meunier, Clement"]
[Result "0-1"]
[WhiteElo "2109"]
[BlackElo "1956"]
[PlyCount "114"]
[EventDate "2010.10.17"]
[EventType "team-match"]
[EventRounds "9"]
[EventCountry "FRA"]
[Source "FFE"]
[SourceDate "2010.10.29"]
[WhiteTeamCountry "FRA"]
[BlackTeamCountry "FRA"]

1. c4 d6 2. Nc3 e5 3. g3 Nf6 4. Bg2 Be7 5. e3 c6 6. Nge2 Be6 7. b3 Na6 8. O-O
Qd7 9. d4 Nc7 10. Ba3 exd4 11. Nxd4 Bh3 12. Qd3 Bxg2 13. Kxg2 g6 14. Rad1 O-O-O
15. b4 h5 16. h4 Ng4 17. f4 d5 18. c5 Rhe8 19. Rf3 a6 20. Rc1 Bf6 21. Na4 Qe7
22. Kh3 Nxe3 23. Nb6+ Kb8 24. Re1 Bxd4 25. Qxd4 Nf5 26. Rxe7 Nxd4 27. Rfe3 Nc2
28. Rxe8 Rxe8 29. Rxe8+ Nxe8 30. Bb2 Nxb4 31. Be5+ Nc7 32. a3 Nd3 33. Bd6 Nf2+
34. Kg2 Ne4 35. Nd7+ Kc8 36. Ne5 f6 37. Nxg6 Nxd6 38. cxd6 Ne8 39. Nf8 Nxd6 40.
Ne6 Ne8 41. f5 b5 42. Kf3 a5 43. g4 hxg4+ 44. Kxg4 Nd6 45. Kf4 b4 46. axb4 axb4
47. Nc5 Kd8 48. h5 Nf7 49. Ke3 Nh6 50. Kf4 Ke7 51. Nd3 b3 52. Nb2 Kd6 53. Ke3
c5 54. Kd3 Nxf5 55. Kc3 c4 56. Nd1 Kc5 57. Ne3 d4+ 0-1

[Event "FRA T I 120102011"]
[Site "FRA"]
[Date "2010.11.14"]
[Round "3.6"]
[White "Lees, Jean Pierre"]
[Black "Merieux, Christophe"]
[Result "1/2-1/2"]
[WhiteElo "1795"]
[BlackElo "2065"]
[PlyCount "113"]
[EventDate "2010.10.17"]
[EventType "team-match"]
[EventRounds "9"]
[EventCountry "FRA"]
[Source "FFE"]
[SourceDate "2010.10.29"]
[WhiteTeamCountry "FRA"]
[BlackTeamCountry "FRA"]

1. d4 d5 2. c4 e6 3. Nc3 Be7 4. Nf3 Nf6 5. Bg5 Nbd7 6. e3 c6 7. Rc1 O-O 8. a3
dxc4 9. Bxc4 b5 10. Bd3 a5 11. O-O Qb6 12. e4 h6 13. Bh4 Re8 14. e5 Nd5 15.
Bxe7 Nxe7 16. Ne4 Ba6 17. Nd6 Rf8 18. Re1 f6 19. exf6 Rxf6 20. Ne4 Rxf3 21.
Qxf3 Rf8 22. Qg4 Nf5 23. Nc5 Nf6 24. Qf4 Bc8 25. Bxf5 exf5 26. Re5 g5 27. Qd2
Ng4 28. Re7 Qb8 29. g3 f4 30. Rf1 Qd6 31. Ree1 Qg6 32. f3 Ne3 33. Rxe3 fxe3 34.
Qxe3 Re8 35. Qd3 Bf5 36. Ne4 Bxe4 37. fxe4 Qxe4 38. Qxe4 Rxe4 39. Rc1 Rxd4 40.
Rc5 Rd6 41. a4 bxa4 42. Rxa5 Rd2 43. Rxa4 Rxb2 44. Rc4 Rb6 45. h4 gxh4 46. gxh4
Kf7 47. Kf2 Ke6 48. Rc5 Kf6 49. Kf3 Rb3+ 50. Kg4 Rb6 51. Kf4 Ra6 52. Kg4 Rb6
53. Kf4 Rb4+ 54. Kg3 Rb3+ 55. Kg2 Rb6 56. Kg3 Kg6 57. Kf4 1/2-1/2

[Event "FRA T I 120102011"]
[Site "FRA"]
[Date "2010.10.17"]
[Round "1.7"]
[White "Chagny, Pierre"]
[Black "Quenolle, Philippe"]
[Result "0-1"]
[WhiteElo "2121"]
[BlackElo "1914"]
[PlyCount "112"]
[EventDate "2010.10.17"]
[EventType "team-match"]
[EventRounds "9"]
[EventCountry "FRA"]
[Source "FFE"]
[SourceDate "2010.10.29"]
[WhiteTeamCountry "FRA"]
[BlackTeamCountry "FRA"]

1. c4 f5 2. g3 Nf6 3. Bg2 g6 4. Nc3 Bg7 5. d3 O-O 6. Rb1 e5 7. b4 Nc6 8. e3 d6
9. Qb3 Kh8 10. Nge2 Ne7 11. a4 c6 12. Ba3 Re8 13. b5 c5 14. O-O Rb8 15. d4 b6
16. dxc5 dxc5 17. a5 Qc7 18. a6 Be6 19. Nd5 Bxd5 20. cxd5 Rbd8 21. Rfd1 Nc8 22.
Nc3 e4 23. Bb2 Nd6 24. Ne2 g5 25. Bf1 Qf7 26. Rd2 Ng4 27. Bxg7+ Qxg7 28. Qc3
Ne5 29. Kg2 Kg8 30. Ng1 Qg6 31. Rdd1 Ng4 32. Be2 Nf6 33. Qb3 h5 34. Nh3 Re7 35.
Rg1 Kh7 36. Rbd1 Kh6 37. Qb2 Qf7 38. Kh1 Kg6 39. Qb3 Red7 40. f4 exf3 41. Bxf3
Nde4 42. Qc2 Rxd5 43. Rdf1 Rd2 44. Bxe4 Rxc2 45. Bxf5+ Kh6 46. Bxc2 Qd5+ 47.
Rg2 Ng4 48. Rd1 Qxg2+ 49. Kxg2 Nxe3+ 50. Kf3 Nxd1 51. Ke4 Nc3+ 52. Ke5 Nxb5 53.
Ng1 Rd2 54. Be4 Rxh2 55. Nf3 Ra2 56. Kf6 Rf2 0-1

[Event "FRA T I 120102011"]
[Site "FRA"]
[Date "2010.11.13"]
[Round "2.8"]
[White "Roger, Juliette"]
[Black "Guillon, Gabriel"]
[Result "1-0"]
[WhiteElo "1617"]
[BlackElo "1828"]
[PlyCount "111"]
[EventDate "2010.10.17"]
[EventType "team-match"]
[EventRounds "9"]
[EventCountry "FRA"]
[Source "FFE"]
[SourceDate "2010.10.29"]
[WhiteTeamCountry "FRA"]
[BlackTeamCountry "FRA"]

1. e4 e5 2. Bc4 Nf6 3. Nc3 Nxe4 4. Qh5 Nd6 5. Bb3 g6 6. Qxe5+ Qe7 7. Qxe7+ Bxe7
8. Nf3 c6 9. O-O O-O 10. d4 Bf6 11. Bd2 Nf5 12. Ne2 d5 13. c3 Nd6 14. Ne5 Bg7
15. Bf4 f6 16. Nxg6 hxg6 17. Bxd6 Re8 18. Rfe1 Na6 19. Bf4 Bg4 20. Ng3 g5 21.
Bd2 Nc7 22. Bc2 Bf8 23. Nf5 Kf7 24. f3 Bh5 25. h4 gxh4 26. Nxh4 Kg8 27. Ng6
Bxg6 28. Bxg6 Rxe1+ 29. Rxe1 Kg7 30. Bh5 Bd6 31. g4 Rh8 32. Kg2 f5 33. f4 fxg4
34. Bxg4 Kf6 35. Kf3 b6 36. Be3 Rh2 37. Re2 Rh8 38. Bf2 Rf8 39. Bh4+ Kg6 40.
f5+ Kg7 41. Be7 Bxe7 42. Rxe7+ Rf7 43. Re2 c5 44. Kf4 Nb5 45. a4 Nc7 46. Bh5
Rd7 47. Kg5 a6 48. f6+ Kf8 49. f7 Rxf7 50. Bxf7 Kxf7 51. Re5 cxd4 52. cxd4 b5
53. axb5 axb5 54. Kf5 b4 55. b3 Ne8 56. Rxe8 1-0

[Event "FRA T I 120102011"]
[Site "FRA"]
[Date "2010.11.13"]
[Round "2.7"]
[White "Eydt, Yoann"]
[Black "Tobitt Jupillat, Eric"]
[Result "1-0"]
[WhiteElo "1732"]
[BlackElo "1605"]
[PlyCount "109"]
[EventDate "2010.10.17"]
[EventType "team-match"]
[EventRounds "9"]
[EventCountry "FRA"]
[Source "FFE"]
[SourceDate "2010.10.29"]
[WhiteTeamCountry "FRA"]
[BlackTeamCountry "FRA"]

1. d4 d5 2. Nf3 Nf6 3. c3 e6 4. Bg5 Be7 5. Nbd2 O-O 6. e3 Nbd7 7. Bd3 c5 8. O-O
b6 9. dxc5 Nxc5 10. Bc2 Bb7 11. Nb3 Nce4 12. Bh4 Qc7 13. Qe2 Rac8 14. Nbd4 Rfd8
15. Nb5 Ba6 16. Bd3 Bxb5 17. Bxb5 Nc5 18. Nd4 Qb7 19. Nb3 Nxb3 20. axb3 Qc7 21.
Ra6 Ne4 22. Bxe7 Qxe7 23. Rfa1 Rc7 24. b4 e5 25. f3 Nd6 26. Bd3 Rdd7 27. Rd1
Nc4 28. e4 Qg5 29. exd5 Ne3 30. Re1 Nxd5 31. Qxe5 Qxe5 32. Rxe5 f6 33. Re4 Nxc3
34. Bc4+ Rxc4 35. Rxc4 Rd1+ 36. Kf2 Nb5 37. Ra2 Kf7 38. b3 Rb1 39. Rd2 g5 40.
Rd5 a6 41. Rd3 Rb2+ 42. Kg3 Re2 43. Rc6 Re7 44. Rxb6 Ra7 45. Rd8 Kg7 46. Rdb8
Nd4 47. R6b7+ Rxb7 48. Rxb7+ Kg6 49. Rb6 Nxb3 50. Rxa6 Nd4 51. h4 Nf5+ 52. Kf2
Nxh4 53. b5 Nf5 54. b6 Nd6 55. Ra8 1-0